[Event "Online Olym KO Stage 2020"]
[Site "chess.com INT"]
[Date "2020.08.29"]
[Round "3.12"]
[Board "1"]
[White "Duda, Jan-Krzysztof"]
[Black "Anand, Viswanathan"]
[Result "0-1"]
[WhiteTitle "GM"]
[BlackTitle "GM"]
[WhiteElo "2753"]
[BlackElo "2753"]
[WhiteTeam "Poland"]
[BlackTeam "India"]
[WhiteFideId "1170546"]
[BlackFideId "5000017"]
[EventDate "2020.08.27"]
[EventType "team"]

1. d4 Nf6 2. c4 e6 3. Nc3 Bb4 4. e3 O-O 5. Bd3 d5 6. Nf3 dxc4 7. Bxc4 c5 8. a3
Bxc3+ 9. bxc3 Qc7 10. Be2 b6 11. O-O Bb7 12. Ne5 Nc6 13. Nxc6 Qxc6 14. f3 Rfd8
15. Bb2 Nd5 16. Qd2 b5 17. e4 Nb6 18. Rfd1 Na4 19. Rab1 a6 20. Ba1 c4 21. Qf4 f5
22. exf5 Rf8 23. Re1 Nb6 24. Bd1 Nd5 25. Qd2 exf5 26. Bc2 Qd6 27. Bb2 Bc6 28.
Re5 f4 29. Rbe1 Ne3 30. Bc1 Rae8 31. Qf2 Nd5 32. Bb2 Rxe5 33. dxe5 Qe6 34. Bc1
Be8 35. Be4 Nxc3 36. Bxh7+ Kxh7 37. Qc2+ Bg6 38. Qxc3 Bd3 39. Qd4 g5 40. Bd2 g4
41. fxg4 f3 42. gxf3 Rxf3 43. Be3 Qf7 44. Qa7 Kg6 45. Qxa6+ Kh7 46. Qa7 Kg8 47.
Qxf7+ Kxf7 48. Bc5 Ke6 49. Kg2 Rf7 50. Bb4 Rc7 51. h4 c3 52. h5 c2 53. Bd2 Rd7
54. Bc1 Bh7 55. g5 Rd1 56. g6 Bxg6 57. Kf2 Bxh5 58. Bb2 Bg4 59. Rg1 Bf5 60. Re1
Kd5 61. e6 Bxe6 62. Re5+ Kd6 63. Re1 Bc4 64. Rg1 Kc5 65. Rg5+ Bd5 66. Rg1 Kc4
67. Rg4+ Kb3 68. Rb4+ Ka2 69. Ke3 Bb3 0-1

[Event "Online Olym KO Stage 2020"]
[Site "chess.com INT"]
[Date "2020.08.29"]
[Round "3.12"]
[Board "2"]
[White "Vidit, Santosh Gujrathi"]
[Black "Gajewski, Grzegorz"]
[Result "1-0"]
[WhiteTitle "GM"]
[BlackTitle "GM"]
[WhiteElo "2726"]
[BlackElo "2616"]
[WhiteTeam "India"]
[BlackTeam "Poland"]
[WhiteFideId "5029465"]
[BlackFideId "1116207"]
[EventDate "2020.08.27"]
[EventType "team"]

1. d4 Nf6 2. c4 e6 3. Nf3 d5 4. Nc3 Bb4 5. Bg5 h6 6. Bxf6 Qxf6 7. Qa4+ Nc6 8. e3
O-O 9. Be2 dxc4 10. O-O Bd7 11. Bxc4 Bxc3 12. bxc3 Qe7 13. Be2 b6 14. Qc2 Na5
15. Ne5 Rfd8 16. Qe4 Be8 17. Bd3 f5 18. Qf4 Nc6 19. e4 Qd6 20. Rad1 g5 21. Qf3
Nxe5 22. dxe5 Qxe5 23. exf5 exf5 24. Bxf5 Bf7 25. Bb1 Kg7 26. Rde1 Qf6 27. Qg3
Qd6 28. f4 Bc4 29. Rf3 Re8 30. Rfe3 Rxe3 31. Qxe3 gxf4 32. Qe4 Qc5+ 33. Kh1 Bd5
34. Qg6+ Kf8 35. Qxh6+ Kf7 36. Bg6+ Kg8 37. Qh7+ Kf8 38. Qh8+ Bg8 39. Qh6# 1-0

[Event "Online Olym KO Stage 2020"]
[Site "chess.com INT"]
[Date "2020.08.29"]
[Round "3.12"]
[Board "4"]
[White "Harika, Dronavalli"]
[Black "Cyfka, Karina"]
[Result "1-0"]
[WhiteTitle "GM"]
[BlackTitle "IM"]
[WhiteElo "2515"]
[BlackElo "2411"]
[WhiteTeam "India"]
[BlackTeam "Poland"]
[WhiteFideId "5015197"]
[BlackFideId "1122681"]
[EventDate "2020.08.27"]
[EventType "team"]

1. d4 Nf6 2. Bg5 c6 3. Bxf6 exf6 4. c4 Bb4+ 5. Nc3 O-O 6. e3 d5 7. cxd5 cxd5 8.
Ne2 Nc6 9. g3 Bg4 10. Bg2 Bxe2 11. Kxe2 Bxc3 12. bxc3 Na5 13. Qa4 a6 14. Rhc1
Rc8 15. Ke1 Re8 16. Qd1 Qd6 17. Rab1 Red8 18. Qa4 Qc7 19. Qb4 b5 20. a4 Rb8 21.
Qc5 Qxc5 22. dxc5 bxa4 23. Rxb8 Rxb8 24. Bxd5 Rc8 25. Ra1 Rxc5 26. e4 f5 27.
Rxa4 fxe4 28. Rxe4 Kf8 29. c4 Rc7 30. Kd2 Nb3+ 31. Kc3 Nc5 32. Re1 a5 33. Rb1
Ke7 34. Rb8 a4 35. Ra8 g6 36. f4 h5 37. Kd4 Kf6 38. Kc3 Kf5 39. Bf3 h4 40. Ra5
hxg3 41. hxg3 Kf6 42. Bd5 Kf5 43. Bxf7 Kg4 44. Bxg6 Kxg3 45. f5 Ne4+ 46. Kb4
Rb7+ 47. Rb5 Ra7 48. Ka3 Kf4 49. Rb4 Nc5 50. f6 Kg5 51. f7 Ra8 52. Bh7 Kf6 53.
Rb5 Nd7 54. Be4 Ra7 55. Bd5 Ke7 56. Rb4 Nc5 57. Rb8 Nd7 58. Re8+ Kd6 59. f8=Q+
Nxf8 60. Rxf8 1-0

[Event "Online Olym KO Stage 2020"]
[Site "chess.com INT"]
[Date "2020.08.29"]
[Round "3.12"]
[Board "5"]
[White "Janik, Igor"]
[Black "Praggnanandhaa, R"]
[Result "1-0"]
[WhiteTitle "IM"]
[BlackTitle "GM"]
[WhiteElo "2471"]
[BlackElo "2608"]
[WhiteTeam "Poland"]
[BlackTeam "India"]
[WhiteFideId "1159259"]
[BlackFideId "25059530"]
[EventDate "2020.08.27"]
[EventType "team"]

1. d4 Nf6 2. c4 e6 3. Nf3 d5 4. g3 Bb4+ 5. Nbd2 O-O 6. Bg2 b6 7. O-O Bb7 8. a3
Be7 9. cxd5 exd5 10. b4 a5 11. b5 c6 12. bxc6 Nxc6 13. Bb2 a4 14. Qb1 b5 15. Rc1
Qb6 16. e3 Rfc8 17. Ne5 Na5 18. Bc3 Qa6 19. Nd3 Nc4 20. Bb4 Nxd2 21. Bxd2 Ne4
22. Bb4 Qf6 23. Rxc8+ Rxc8 24. Bxe7 Qxe7 25. Qxb5 Nc3 26. Qb4 Qxb4 27. Nxb4 Kf8
28. Kf1 Ke7 29. Ke1 Kd6 30. Kd2 Rc7 31. Nd3 Bc8 32. Nc5 Nb5 33. Bf1 Na7 34. Nxa4
Nc6 35. Nc5 Na5 36. Rb1 Kc6 37. Bb5+ Kd6 38. Bd3 Kc6 39. Rb8 Bh3 40. Ra8 Nc4+
41. Bxc4 dxc4 42. Kc3 Bf1 43. Ra6+ 1-0

[Event "Online Olym KO Stage 2020"]
[Site "chess.com INT"]
[Date "2020.08.29"]
[Round "3.12"]
[Board "6"]
[White "Vantika, Agrawal"]
[Black "Sliwicka, Alicja"]
[Result "1/2-1/2"]
[WhiteTitle "WIM"]
[BlackTitle "WIM"]
[WhiteElo "2286"]
[BlackElo "2317"]
[WhiteTeam "India"]
[BlackTeam "Poland"]
[WhiteFideId "25050389"]
[BlackFideId "1150677"]
[EventDate "2020.08.27"]
[EventType "team"]

1. d4 Nf6 2. Nf3 c5 3. d5 b5 4. Bg5 d6 5. Bxf6 exf6 6. e4 a6 7. a4 b4 8. Bd3 a5
9. Nbd2 g6 10. O-O Bg7 11. Bb5+ Bd7 12. Nc4 Qc7 13. Nfd2 O-O 14. Bxd7 Nxd7 15.
f4 Ra6 16. Qg4 Qc8 17. Qh4 Re8 18. f5 Qd8 19. Rae1 Qe7 20. Rf3 Ne5 21. Rh3 h6
22. Ne3 Raa8 23. b3 Rac8 24. Rf1 g5 25. Qh5 Kh7 26. Rg3 Rh8 27. h4 Kg8 28. Re1
Kf8 29. Ndc4 Ke8 30. Nxa5 Kd8 31. Nac4 Kc7 32. Qe2 h5 33. c3 Rb8 34. Qc2 Bh6 35.
cxb4 Rxb4 36. Na3 gxh4 37. Rh3 Rg8 38. Nb5+ Kb8 39. Nc4 Nxc4 40. bxc4 Qe5 41.
Rb1 Rg4 42. Rxb4 cxb4 43. c5 Rxe4 44. cxd6 Qa1+ 45. Kh2 Bf4+ 46. g3 hxg3+ 47.
Kg2 Rc4 48. Qe2 Re4 49. Qc2 Rc4 50. Qe2 Re4 51. Qxe4 Qb2+ 52. Kh1 Qc1+ 53. Kg2
Qd2+ 54. Kh1 Qc1+ 55. Kg2 Qd2+ 56. Kh1 Qc1+ 1/2-1/2

[Event "Online Olym KO Stage 2020"]
[Site "chess.com INT"]
[Date "2020.08.29"]
[Round "3.13"]
[Board "1"]
[White "Socko, Monika"]
[Black "Koneru, Humpy"]
[Result "0-1"]
[WhiteTitle "GM"]
[BlackTitle "GM"]
[WhiteElo "2428"]
[BlackElo "2586"]
[WhiteTeam "Poland"]
[BlackTeam "India"]
[WhiteFideId "1106619"]
[BlackFideId "5008123"]
[EventDate "2020.08.27"]
[EventType "team"]

1. d4 Nf6 2. c4 e6 3. g3 d5 4. Bg2 dxc4 5. Nd2 Qxd4 6. Ngf3 Qd8 7. O-O c3 8.
bxc3 Be7 9. Qc2 O-O 10. e4 Nc6 11. Nc4 Nd7 12. Rd1 Qe8 13. Bf4 e5 14. Nfxe5
Ndxe5 15. Nxe5 Nxe5 16. Bxe5 c6 17. Rab1 b6 18. Bf4 Be6 19. Be3 Qc8 20. f4 Bh3
21. f5 Bxg2 22. Kxg2 f6 23. Bf4 Bc5 24. Rd2 Rd8 25. Rbd1 Rxd2+ 26. Qxd2 Qe8 27.
Qe2 Rd8 28. Qc4+ Kf8 29. Rxd8 Qxd8 30. h4 Qd7 31. a4 a5 32. Qa6 Kf7 33. Qa8 h6
34. Qa6 Qd1 35. Qc4+ Kf8 36. e5 Qc2+ 37. Kf3 Qxf5 38. exf6 Qxf6 39. Kg2 Qf7 40.
Qe2 Qd5+ 41. Kh2 Kf7 42. h5 Qe6 43. Qf3 Kg8 44. Bd2 Qa2 45. Qf4 Qd5 46. Be1
Qxh5+ 47. Kg2 Qe2+ 48. Kh3 Qxe1 49. Qf5 Qh1+ 50. Kg4 Qd1+ 51. Kh4 Qh1+ 52. Kg4
Qd1+ 53. Kf4 Qf1+ 54. Ke5 Qxf5+ 55. Kxf5 Kf7 56. Ke5 b5 57. g4 bxa4 58. Ke4 a3
59. Kd3 a2 60. Kc2 g6 61. Kb3 h5 62. Kxa2 hxg4 63. Kb3 g3 64. Kc2 g2 65. Kd2
g1=Q 66. Ke2 Qe3+ 67. Kd1 Qxc3 68. Ke2 a4 69. Kf1 a3 70. Kg2 a2 71. Kh2 a1=Q 72.
Kg2 Qa2+ 73. Kh1 Qc1# 0-1

[Event "Online Olym KO Stage 2020"]
[Site "chess.com INT"]
[Date "2020.08.29"]
[Round "3.22"]
[Board "2"]
[White "Nepomniachtchi, Ian"]
[Black "Shankland, Sam"]
[Result "1-0"]
[WhiteTitle "GM"]
[BlackTitle "GM"]
[WhiteElo "2784"]
[BlackElo "2691"]
[WhiteTeam "Russia"]
[BlackTeam "United States of America"]
[WhiteFideId "4168119"]
[BlackFideId "2004887"]
[EventDate "2020.08.27"]
[EventType "team"]

1. e4 c5 2. Nf3 e6 3. Nc3 a6 4. a4 Nc6 5. g3 Nf6 6. Bg2 Be7 7. O-O d6 8. d4 cxd4
9. Nxd4 Nxd4 10. Qxd4 e5 11. Qd3 Be6 12. Bg5 Nd7 13. Bxe7 Kxe7 14. Rfd1 Nf6 15.
a5 b5 16. axb6 Qxb6 17. b3 Rhc8 18. Rd2 Rc6 19. Nd1 Rac8 20. Ne3 a5 21. c4 g6
22. Ra3 Rb8 23. Rda2 Nd7 24. Qd1 Nc5 25. h4 h5 26. Kh2 Kf8 27. Qf3 Qd8 28. Nf1
a4 29. bxa4 Bxc4 30. Rc2 Be6 31. Qe3 Ra6 32. Rd2 Qf6 33. a5 Rb3 34. Rxb3 Nxb3
35. Rb2 Nxa5 36. Qh6+ Ke7 37. Rb8 Kd7 38. Qf8 Kc7 39. Ne3 Nc6 40. Nd5+ 1-0

[Event "Online Olym KO Stage 2020"]
[Site "chess.com INT"]
[Date "2020.08.30"]
[Round "4.1"]
[Board "2"]
[White "Artemiev, Vladislav"]
[Black "Harikrishna, Pentala"]
[Result "1/2-1/2"]
[WhiteTitle "GM"]
[BlackTitle "GM"]
[WhiteElo "2716"]
[BlackElo "2732"]
[WhiteTeam "Russia"]
[BlackTeam "India"]
[WhiteFideId "24101605"]
[BlackFideId "5007003"]
[EventDate "2020.08.27"]
[EventType "team"]

1. Nf3 d5 2. b3 c6 3. Bb2 Bf5 4. g3 e6 5. Bg2 h6 6. O-O Nf6 7. d3 Be7 8. Nbd2
O-O 9. c4 Bh7 10. a3 a5 11. Qc2 Nbd7 12. Ne5 Nxe5 13. Bxe5 Nd7 14. Bc3 Bf6 15.
b4 Ne5 16. cxd5 cxd5 17. Rac1 axb4 18. Bxb4 Re8 19. Qc7 Nc6 20. Qxb7 Nxb4 21.
Qxb4 Be7 22. Qb5 Bxa3 23. Ra1 Bg6 24. Rfb1 Be7 25. Nf3 Bf6 26. Rxa8 Qxa8 27. h4
Bh5 28. e3 Rc8 29. Qb7 Qxb7 30. Rxb7 Rc1+ 31. Kh2 g5 32. hxg5 hxg5 33. Rb4 Bg6
34. d4 Kg7 35. Rb2 Be4 36. Ng1 Rc2 37. Rxc2 Bxc2 38. Bf3 Be7 39. Ne2 Bb4 40. Kg2
Bd2 41. g4 Kf8 42. Ng3 Ke7 43. Be2 f5 44. gxf5 exf5 45. Bf3 Ke6 46. Kg1 f4 47.
exf4 gxf4 48. Ne2 Kd6 49. Kg2 Be4 50. Bxe4 dxe4 51. f3 Kd5 52. fxe4+ Kxe4 53.
Nxf4 Bxf4 54. d5 Kxd5 1/2-1/2

[Event "Online Olym KO Stage 2020"]
[Site "chess.com INT"]
[Date "2020.08.30"]
[Round "4.1"]
[Board "5"]
[White "Praggnanandhaa, R"]
[Black "Sarana, Alexey"]
[Result "1/2-1/2"]
[WhiteTitle "GM"]
[BlackTitle "GM"]
[WhiteElo "2608"]
[BlackElo "2654"]
[WhiteTeam "India"]
[BlackTeam "Russia"]
[WhiteFideId "25059530"]
[BlackFideId "24133795"]
[EventDate "2020.08.27"]
[EventType "team"]

1. e4 c5 2. Nf3 d6 3. d4 cxd4 4. Nxd4 Nf6 5. Nc3 a6 6. Be2 e5 7. Nb3 Be7 8. Be3
Be6 9. Qd3 O-O 10. O-O Nbd7 11. a4 Nb6 12. Nd2 Rc8 13. a5 Nc4 14. Nxc4 Bxc4 15.
Qd2 d5 16. Bxc4 dxc4 17. Qxd8 Rfxd8 18. Bg5 Rd4 19. Ra4 Kf8 20. Bxf6 Bxf6 21.
Rb4 Rd2 22. Rxb7 Rxc2 23. Rd1 Be7 24. Na4 Rd8 25. Rxd8+ Bxd8 26. Kf1 Bxa5 27.
Ra7 Rc1+ 28. Ke2 Ra1 29. Nc5 c3 30. bxc3 Bxc3 31. Rxa6 Rb1 32. Ra8+ Ke7 33. Ra7+
Kf6 34. Nd7+ Kg5 35. Nf8 Rb2+ 36. Kd3 Bb4 37. Rxf7 Bxf8 38. Rf5+ Kh6 39. Rxf8 g6
40. Rf7 Kg5 41. Kc4 Rd2 42. Kc5 h5 43. g3 Kg4 44. h4 Rd4 45. Rf6 Kh3 46. Rxg6
Rxe4 47. Kd5 Re2 48. Rf6 e4 49. Kd4 Kg2 50. Rf4 Rxf2 51. Kxe4 Ra2 52. g4 hxg4
53. Rxg4+ Kh3 54. Rf4 Ra4+ 55. Kf5 Rxf4+ 56. Kxf4 Kxh4 1/2-1/2

[Event "Online Olym KO Stage 2020"]
[Site "chess.com INT"]
[Date "2020.08.30"]
[Round "4.1"]
[Board "6"]
[White "Shuvalova, Polina"]
[Black "Divya, Deshmukh"]
[Result "1/2-1/2"]
[WhiteTitle "WGM"]
[BlackTitle "WIM"]
[WhiteElo "2454"]
[BlackElo "2305"]
[WhiteTeam "Russia"]
[BlackTeam "India"]
[WhiteFideId "24171760"]
[BlackFideId "35006916"]
[EventDate "2020.08.27"]
[EventType "team"]

1. e4 c5 2. Nf3 d6 3. Bb5+ Nd7 4. c3 Nf6 5. Qe2 a6 6. Ba4 b5 7. Bc2 c4 8. b3 Qc7
9. bxc4 bxc4 10. Na3 Nb6 11. Rb1 e5 12. O-O Be7 13. d4 cxd3 14. Bxd3 O-O 15. c4
Na4 16. Bd2 d5 17. Nc2 dxc4 18. Bxc4 Nc5 19. Nb4 Bb7 20. Nd5 Bxd5 21. exd5 Bd6
22. g3 Rab8 23. Kg2 Rxb1 24. Rxb1 Rb8 25. Rxb8+ Qxb8 26. Bxa6 Nxd5 27. Bc4 Nb6
28. Bb5 Qa8 29. Bc3 f6 30. Kg1 Kf8 31. Bb4 Nd5 32. Bxc5 Bxc5 33. Qc4 Be7 34. Bc6
Nb6 35. Qb5 Qd8 36. Kg2 Nc8 37. a4 Na7 38. Qb7 Nxc6 39. Qxc6 Bb4 40. Qc4 Ba5 41.
Qc5+ Kf7 42. Nh4 Bb6 43. Qc4+ Kf8 44. Nf5 g6 45. Qb4+ Kf7 46. Nd6+ Ke6 47. Nc4
Qd5+ 48. Kg1 Qd1+ 49. Kg2 Qd5+ 50. Kg1 Qd1+ 51. Kg2 Qd5+ 1/2-1/2

[Event "Online Olym KO Stage 2020"]
[Site "chess.com INT"]
[Date "2020.08.30"]
[Round "4.2"]
[Board "1"]
[White "Nepomniachtchi, Ian"]
[Black "Anand, Viswanathan"]
[Result "1/2-1/2"]
[WhiteTitle "GM"]
[BlackTitle "GM"]
[WhiteElo "2784"]
[BlackElo "2753"]
[WhiteTeam "Russia"]
[BlackTeam "India"]
[WhiteFideId "4168119"]
[BlackFideId "5000017"]
[EventDate "2020.08.27"]
[EventType "team"]

1. e4 e5 2. Nf3 Nc6 3. Bc4 Bc5 4. O-O Nf6 5. d3 d6 6. c3 a6 7. a4 h6 8. Nbd2 O-O
9. h3 a5 10. Re1 Be6 11. b3 Re8 12. Bb5 Bd7 13. Bb2 Ba7 14. Nf1 Nb8 15. Bxd7
Nbxd7 16. Ng3 d5 17. Qc2 c6 18. Rad1 Qc7 19. Nf5 Rad8 20. b4 Nf8 21. Bc1 Ne6 22.
g3 b5 23. axb5 cxb5 24. bxa5 dxe4 25. dxe4 Rxd1 26. Rxd1 Bc5 27. Be3 Ra8 28. Ra1
Bxe3 29. Nxe3 Rxa5 30. Rxa5 Qxa5 31. Nd5 Qa4 32. Nxf6+ gxf6 33. Qd3 Ng5 34. Nxg5
hxg5 35. Kg2 Qb3 36. Qf3 Kg7 37. h4 gxh4 38. gxh4 b4 39. cxb4 Qxb4 40. Qg4+ Kh7
41. Qf5+ Kg7 42. Qg4+ Kh7 43. Qf5+ Kg7 44. Qg4+ 1/2-1/2

[Event "Online Olym KO Stage 2020"]
[Site "chess.com INT"]
[Date "2020.08.30"]
[Round "4.2"]
[Board "2"]
[White "Vidit, Santosh Gujrathi"]
[Black "Dubov, Daniil"]
[Result "1/2-1/2"]
[WhiteTitle "GM"]
[BlackTitle "GM"]
[WhiteElo "2726"]
[BlackElo "2699"]
[WhiteTeam "India"]
[BlackTeam "Russia"]
[WhiteFideId "5029465"]
[BlackFideId "24126055"]
[EventDate "2020.08.27"]
[EventType "team"]

1. d4 Nf6 2. c4 g6 3. g3 Bg7 4. Bg2 O-O 5. Nc3 d6 6. Nf3 Nc6 7. O-O e5 8. dxe5
dxe5 9. Bg5 h6 10. Qxd8 Rxd8 11. Bxf6 Bxf6 12. Nd5 Kg7 13. Nxc7 Rb8 14. Nd5 e4
15. Nd2 e3 16. fxe3 Bxb2 17. Rab1 Ba3 18. Nb3 Bf5 19. Rbd1 Rbc8 20. Nd4 Nxd4 21.
exd4 Be6 22. Rd3 Bf8 23. Ne3 Bxc4 24. Nxc4 Rxc4 25. Bxb7 Rcxd4 26. Rfd1 Bc5 27.
Rxd4 Rxd4 28. Rxd4 Bxd4+ 29. Kg2 1/2-1/2

[Event "Online Olym KO Stage 2020"]
[Site "chess.com INT"]
[Date "2020.08.30"]
[Round "4.2"]
[Board "3"]
[White "Goryachkina, Aleksandra"]
[Black "Koneru, Humpy"]
[Result "1-0"]
[WhiteTitle "GM"]
[BlackTitle "GM"]
[WhiteElo "2582"]
[BlackElo "2586"]
[WhiteTeam "Russia"]
[BlackTeam "India"]
[WhiteFideId "4147103"]
[BlackFideId "5008123"]
[EventDate "2020.08.27"]
[EventType "team"]

1. Nf3 Nf6 2. c4 e6 3. Nc3 d5 4. d4 Be7 5. Bf4 O-O 6. e3 b6 7. Bd3 Ba6 8. cxd5
Nxd5 9. Nxd5 Qxd5 10. O-O Bxd3 11. Qxd3 c5 12. e4 Qb7 13. d5 exd5 14. exd5 Nd7
15. d6 Bf6 16. Ng5 Bxg5 17. Bxg5 Ne5 18. Qg3 f6 19. Bf4 Rfe8 20. Rad1 Qd7 21.
Bxe5 Rxe5 22. Qb3+ Kh8 23. Rd2 Rae8 24. h3 h6 25. Rfd1 R8e6 26. Qf3 Re8 27. b3
Kg8 28. a4 a6 29. Rd5 R5e6 30. Qd3 Ra8 31. a5 bxa5 32. Rxc5 Rd8 33. Rd5 a4 34.
bxa4 Qxa4 35. d7 Re7 36. g3 a5 37. Rd6 Qa2 38. Qc3 Qf7 39. Qc7 Qf8 40. Qxa5 f5
41. Qd5+ Kh8 42. Qd4 Kh7 43. h4 f4 44. Qxf4 Qxf4 45. gxf4 Rf7 46. R6d4 Kg8 47.
Kg2 Kf8 48. Kg3 Ke7 49. Re4+ Kf8 50. Red4 Ke7 51. Kg4 Rf6 52. Re4+ Kf7 53. Re5
Rg6+ 54. Kf3 Rb6 55. Rd3 Rb7 56. Red5 Ke7 57. Kg4 Rb6 58. h5 Kf7 59. Rf5+ Ke7
60. Re5+ Kf7 61. f5 Rb4+ 62. f4 Rb7 63. Red5 Rb1 64. Rd6 Rb5 65. R6d5 Rb6 66.
Kf3 Rb7 67. Ke4 Rb4+ 68. R3d4 Rb6 69. Rd6 Rb5 70. R4d5 Rb4+ 71. Ke3 Rb3+ 72. Rd3
Rb5 73. R6d5 Rb6 74. Kf3 Rb1 75. Rd2 Rb3+ 76. Kg4 Rb6 77. Rd6 Rb5 78. R2d5 Rb1
79. f6 Rg1+ 80. Kf5 Rh1 81. fxg7 Rxh5+ 82. Kg4 Rh1 83. Rc6 Rg1+ 84. Kf5 Rxg7 85.
Rxh6 Ke7 86. Re6+ Kf8 87. Rf6+ Kg8 88. Rg6 1-0